Právomoci a úlohy odborových orgánov v oblasti odmeňovania a racionalizácie práce

Saved in:
Bibliographic Details
Other Authors: Stepanov, S.
Format: Book
Language:Slovak
Published: Bratislava Práca 1988
Edition:1. vyd.
Series:Knižnica mzdových a pracovnoprávnych príručiek zv. 5/88
Tags: Add Tag
No Tags, Be the first to tag this record!

MARC

LEADER 00000nam a2200000 4500
001 c037412
005 20230110092243.6
041 0 |a slo 
044 |a SK 
245 1 0 |a Právomoci a úlohy odborových orgánov v oblasti odmeňovania a racionalizácie práce  |c S. Stepanov a kol. 
250 |a 1. vyd. 
264 1 |a Bratislava  |b Práca  |c 1988 
300 |a 101 s. 
490 1 |a Knižnica mzdových a pracovnoprávnych príručiek  |v zv. 5/88 
830 0 |a Knižnica mzdových a pracovnoprávnych príručiek  |v zv. 5/88 
700 1 |a Stepanov, S.